| 000 | 00838nam a2200265Ia 4500 | ||
|---|---|---|---|
| 003 | GCL | ||
| 008 | 140319s9999 xx 000 0 ara d | ||
| 040 |
_aGCL / _cGCL |
||
| 082 | 0 | 4 |
_aق _b723.1 _bح م |
| 100 | 1 | _aحجاجى ابراهيم محمد | |
| 245 | 1 | 0 |
_aمقدمة فى العمارة القبطية الدفاعية / _cحجاجى ابراهيم محمد |
| 260 |
_a[S.N] : _bمكتبة نهضة الشرق ، _c1984 |
||
| 300 |
_a205 ص ؛ _c24 سم |
||
| 490 | _a | ||
| 650 | 0 | 4 | _aمصر |
| 650 | 0 | 4 | _aالاديرة |
| 650 | 0 | 4 | _aالرهبان |
| 650 | 0 | 4 | _aالاديرة القبطية |
| 650 | 0 | 4 | _aالفن المسيحى |
| 650 | 0 | 4 | _aالاثار المسيحية |
| 650 | 0 | 4 | _aالكنائس |
| 650 | 0 | 4 | _aالعمارة القوطية |
| 650 | 0 | 4 | _aالعمارة القبطية |
| 942 |
_2ddc _cBK |
||
| 999 |
_c35842 _d35842 |
||